[Event "Xtracon Open 2019"]
[Site "Helsingor"]
[Date "2019.07.24"]
[Round "6.14"]
[White "Zemlicka, Vit"]
[Black "Ask, Josef"]
[Result "0-1"]
[WhiteElo "1982"]
[BlackElo "2149"]
[Annotator "NA"]
[PlyCount "78"]
[EventDate "2019.07.19"]
[EventType "swiss"]
[EventCountry "DEN"]
[SourceTitle "playchess.com"]
[Source "ChessBase"]
[SourceQuality "1"]

1. e4 c6 2. d4 d5 3. Nd2 dxe4 4. Nxe4 Nf6 5. Nxf6+ gxf6 6. Nf3 Bg4 7. Be2 e6 8. O-O Bd6 9. h3 Bf5 10. Nh4 Be4 11. Bd3 f5 12. Nf3 Bxd3 13. Qxd3 Rg8 14. Re1 Qf6 15. d5 cxd5 16. Qxd5 Qe7 17. Qb5+ Nd7 18. Qxb7 Rb8 19. Qc6 Rb6 20. Qc8+ Qd8 21. Qxd8+ Kxd8 22. b3 Rc6 23. c4 Nc5 24. Nd4 Ra6 25. Nb5 Bb8 26. Be3 Ne4 27. a4 e5 28. Rad1+ Kc8 29. f3 Ng5 30. Bxg5 Rxg5 31. Re2 Rg3 32. Red2 Rag6 33. Kf1 e4 34. fxe4 fxe4 35. Nd4 Rf6+ 36. Kg1 Bf4 37. Re2 Rd3 38. Rxd3 exd3 39. Re1 d2 0-1

[Event "Xtracon Open 2019"]
[Site "Helsingor"]
[Date "2019.07.24"]
[Round "6.15"]
[White "Moiseenko, Alexander"]
[Black "Larsen, Karsten"]
[Result "1-0"]
[WhiteElo "2628"]
[BlackElo "2254"]
[Annotator "RC"]
[PlyCount "47"]
[EventDate "2019.07.19"]
[EventType "swiss"]
[EventCountry "DEN"]
[SourceTitle "playchess.com"]
[Source "ChessBase"]
[SourceQuality "1"]

1. d4 d5 2. c4 e6 3. Nf3 Nf6 4. Nc3 Bb4 5. cxd5 exd5 6. Bf4 O-O 7. e3 c6 8. Bd3 Nbd7 9. a3 Be7 10. Qc2 a5 11. O-O h6 12. h3 Nb6 13. Bh2 Be6 14. Ne5 Rc8 15. f4 c5 16. Qe2 Nc4 17. f5 Bd7 18. Nxd5 Nxd5 19. Bxc4 Nb6 20. Ba2 cxd4 21. Qh5 Be8 22. Rad1 Bg5 23. Kh1 Bxe3 24. f6 1-0

[Event "Xtracon Open 2019"]
[Site "Helsingor"]
[Date "2019.07.24"]
[Round "6.15"]
[White "Le Besq, Alexander"]
[Black "Carnstam, Tomas"]
[Result "1/2-1/2"]
[WhiteElo "2149"]
[BlackElo "1967"]
[Annotator "NA"]
[PlyCount "62"]
[EventDate "2019.07.19"]
[EventType "swiss"]
[EventCountry "DEN"]
[SourceTitle "playchess.com"]
[Source "ChessBase"]
[SourceQuality "1"]

1. e4 g6 2. d4 Bg7 3. Nc3 d6 4. Be3 Nf6 5. f3 O-O 6. Qd2 d5 7. Be2 dxe4 8. fxe4 Ng4 9. Bxg4 Bxg4 10. h3 Bd7 11. O-O-O c6 12. Nf3 f6 13. g4 Be6 14. Kb1 Qa5 15. d5 cxd5 16. Nd4 Bf7 17. Nxd5 Qxd2 18. Nxe7+ Kh8 19. Rxd2 Re8 20. Nb5 Rxe7 21. Rd8+ Bg8 22. Bf4 Rd7 23. Rxb8 Rxb8 24. Bxb8 a6 25. Nc3 h5 26. gxh5 gxh5 27. Bf4 Be6 28. h4 f5 29. exf5 Bxf5 30. Bg5 Kh7 31. Rd1 Bxc3 1/2-1/2

[Event "Xtracon Open 2019"]
[Site "Helsingor"]
[Date "2019.07.24"]
[Round "6.15"]
[White "Nielsen, Jorgen Lovgren"]
[Black "Jorgensen, Brian Jorgen"]
[Result "1-0"]
[WhiteElo "2053"]
[BlackElo "2251"]
[Annotator "NA"]
[PlyCount "87"]
[EventDate "2019.07.19"]
[EventType "swiss"]
[EventCountry "DEN"]
[SourceTitle "playchess.com"]
[Source "ChessBase"]
[SourceQuality "1"]

1. e4 e6 2. d4 d5 3. Nd2 Be7 4. Bd3 c5 5. dxc5 Nf6 6. Qe2 O-O 7. Ngf3 a5 8. O-O Na6 9. e5 Nd7 10. c3 Naxc5 11. Bc2 b6 12. Nd4 Ba6 13. Qe3 Bxf1 14. Nxf1 Qc7 15. Qh3 g6 16. f4 Rfe8 17. g4 f6 18. exf6 Bxf6 19. f5 gxf5 20. gxf5 e5 21. Ne6 Nxe6 22. fxe6 Nf8 23. Bf5 d4 24. cxd4 exd4 25. Bh6 Ng6 26. Rc1 Qe7 27. Qg4 Kh8 28. Ng3 Ne5 29. Qh5 Rac8 30. Rf1 Rf8 31. Bxf8 Rxf8 32. Be4 Qg7 33. Kh1 Ng6 34. Nf5 Qc7 35. Nh6 Qg7 36. Nf7+ Kg8 37. Rg1 Rxf7 38. exf7+ Kxf7 39. Qd5+ Ke8 40. Bxg6+ hxg6 41. Re1+ Be7 42. Qa8+ Kf7 43. Rf1+ Ke6 44. Qc6+ 1-0

[Event "Xtracon Open 2019"]
[Site "Helsingor"]
[Date "2019.07.24"]
[Round "6.16"]
[White "Salerno, Christian"]
[Black "Grove, Peter"]
[Result "1-0"]
[WhiteElo "2047"]
[BlackElo "2239"]
[Annotator "NA"]
[PlyCount "53"]
[EventDate "2019.07.19"]
[EventType "swiss"]
[EventCountry "DEN"]
[SourceTitle "playchess.com"]
[Source "ChessBase"]
[SourceQuality "1"]

1. e4 c5 2. Nf3 Nc6 3. d4 cxd4 4. Nxd4 e5 5. Nb5 d6 6. N1c3 a6 7. Na3 f5 8. Bd3 f4 9. Nd5 Nf6 10. g3 Be7 11. gxf4 exf4 12. Rg1 O-O 13. Nxf4 Ne5 14. Nc4 Kh8 15. Nxe5 Qa5+ 16. c3 Qxe5 17. Be3 Bd7 18. Qf3 Ne8 19. O-O-O Rc8 20. Bc2 Be6 21. Qg3 Bxa2 22. Ng6+ hxg6 23. Qh3+ Qh5 24. Qxc8 Nf6 25. Qxb7 Rf7 26. Qc8+ Kh7 27. e5 1-0

[Event "Xtracon Open 2019"]
[Site "Helsingor"]
[Date "2019.07.24"]
[Round "6.16"]
[White "Henningsen, Lasse"]
[Black "Jorgensen, Dennis"]
[Result "0-1"]
[WhiteElo "1963"]
[BlackElo "2140"]
[Annotator "NA"]
[PlyCount "91"]
[EventDate "2019.07.19"]
[EventType "swiss"]
[EventCountry "DEN"]
[SourceTitle "playchess.com"]
[Source "ChessBase"]
[SourceQuality "1"]

1. d4 Nf6 2. c4 e6 3. Nc3 Bb4 4. Qc2 c5 5. e3 O-O 6. Nf3 d5 7. Be2 cxd4 8. exd4 dxc4 9. Bxc4 Nc6 10. Be3 b6 11. O-O-O Na5 12. Bd3 Bb7 13. Kb1 Rc8 14. Rc1 h6 15. Qe2 Bxc3 16. Rxc3 Rxc3 17. bxc3 Qd6 18. Ne5 Rc8 19. Rc1 Be4 20. Bd2 Bxd3+ 21. Qxd3 Qa3 22. Qf3 Qe7 23. c4 Nb7 24. Nc6 Qd7 25. Nxa7 Ra8 26. Nb5 Ra4 27. Qb3 Ra6 28. Be3 Na5 29. Qd3 Nc6 30. h3 Rxa2 31. Qb3 Ra8 32. Rc2 Qb7 33. f3 Qa6 34. Ra2 Na5 35. Qb4 Ne8 36. d5 exd5 37. cxd5 Qb7 38. d6 Qd5 39. Rd2 Qf5+ 40. Kb2 Qe6 41. Na3 Qxe3 42. d7 Nc6 43. dxe8=Q+ Qxe8 44. Qb5 Qe6 45. Nc4 Qf6+ 46. Kc2 0-1

[Event "Xtracon Open 2019"]
[Site "Helsingor"]
[Date "2019.07.24"]
[Round "6.17"]
[White "Bach, Matthias"]
[Black "Cramling, Pia"]
[Result "0-1"]
[WhiteElo "2241"]
[BlackElo "2479"]
[Annotator "ChessBase"]
[PlyCount "60"]
[EventDate "2019.07.19"]
[EventType "swiss"]
[EventCountry "DEN"]
[SourceTitle "playchess.com"]
[Source "ChessBase"]
[SourceQuality "1"]

1. d4 Nf6 2. c4 e6 3. Nf3 d5 4. Nc3 Nbd7 5. g3 dxc4 6. Bg2 Be7 7. O-O O-O 8. Qc2 Nd5 9. a3 c6 10. e4 Nxc3 11. bxc3 b5 12. a4 Bb7 13. Be3 a6 14. Rfb1 Re8 15. Nd2 Qc7 16. f4 Nb6 17. a5 Nd7 18. g4 c5 19. f5 cxd4 20. cxd4 e5 21. d5 Bc5 22. Qc3 Bxe3+ 23. Qxe3 Qc5 24. Kf2 Rac8 25. Ra3 Rc7 26. Bf1 c3 27. Qxc5 Rxc5 28. Nf3 Nf6 29. Bd3 Nxg4+ 30. Ke2 Bxd5 0-1

[Event "Xtracon Open 2019"]
[Site "Helsingor"]
[Date "2019.07.24"]
[Round "6.17"]
[White "Zemlickova, Olena"]
[Black "Jaksland, Tim"]
[Result "0-1"]
[WhiteElo "2043"]
[BlackElo "2230"]
[Annotator "NA"]
[PlyCount "142"]
[EventDate "2019.07.19"]
[EventType "swiss"]
[EventCountry "DEN"]
[SourceTitle "playchess.com"]
[Source "ChessBase"]
[SourceQuality "1"]

1. d4 Nf6 2. Nf3 c5 3. d5 g6 4. Nc3 Bg7 5. e4 d6 6. Be2 O-O 7. O-O Na6 8. h3 Nc7 9. a4 b6 10. Re1 Bb7 11. Bc4 a6 12. Bf4 Qd7 13. Qe2 Nh5 14. Bd2 e5 15. g4 Nf6 16. Kh2 Kh8 17. Nh4 Ng8 18. Rab1 Qe7 19. Ng2 f5 20. f3 Rf7 21. Rf1 Raf8 22. b3 Bc8 23. Ne3 Bh6 24. Ng2 fxg4 25. hxg4 Bxd2 26. Qxd2 Rxf3 27. Rxf3 Rxf3 28. Be2 Rf7 29. Kg3 Kg7 30. Rf1 Rxf1 31. Bxf1 h6 32. Be2 Nf6 33. Qd1 Nh7 34. Qd2 Qf6 35. Nd1 Ng5 36. Qe3 Ne8 37. Nf2 Qf7 38. Nd1 Nf6 39. Nf2 Ng8 40. Nd1 Nh7 41. Nf2 Ne7 42. Bd3 Ng5 43. Bc4 Ng8 44. Bd3 Nf6 45. Bc4 Qd7 46. Be2 Qb7 47. Bd3 Bd7 48. Ne1 b5 49. axb5 axb5 50. Nf3 Nxf3 51. Qxf3 Qa6 52. Qe2 Qa5 53. Kg2 Qb4 54. Kh2 Qd4 55. Kg2 Qb4 56. Kh2 Qa5 57. Kg2 h5 58. g5 Nh7 59. Qe3 Qd8 60. Nh3 Bxh3+ 61. Qxh3 Qxg5+ 62. Kh1 Qc1+ 63. Kg2 Qd2+ 64. Kh1 Qe1+ 65. Kh2 Nf6 66. Qf3 b4 67. Kh3 Qg1 68. Be2 Ng4 69. Kh4 Nf6 70. Qd3 Qh1+ 71. Kg3 Nxe4+ 0-1

[Event "Xtracon Open 2019"]
[Site "Helsingor"]
[Date "2019.07.24"]
[Round "6.17"]
[White "Taksrud, Vidar"]
[Black "Mardell, Jimmy"]
[Result "0-1"]
[WhiteElo "1942"]
[BlackElo "2134"]
[Annotator "NA"]
[PlyCount "92"]
[EventDate "2019.07.19"]
[EventType "swiss"]
[EventCountry "DEN"]
[SourceTitle "playchess.com"]
[Source "ChessBase"]
[SourceQuality "1"]

1. d4 Nf6 2. Nf3 e6 3. g3 d5 4. c4 Be7 5. Bg2 O-O 6. O-O b6 7. Nc3 Bb7 8. Ne5 c6 9. e4 dxc4 10. Nxc4 b5 11. Ne3 a6 12. e5 Nd5 13. Ne4 Nd7 14. Qh5 c5 15. Nxd5 Bxd5 16. Ng5 h6 17. Bxd5 exd5 18. Nh3 cxd4 19. Re1 Rc8 20. Qg4 Kh8 21. Qxd4 Nc5 22. Nf4 Ne6 23. Nxe6 fxe6 24. Qg4 Bc5 25. Re2 Qb6 26. Qg6 Rxf2 27. Rxf2 Bxf2+ 28. Kg2 Be3 29. Bxe3 Qxe3 30. Qxe6 Qe2+ 31. Kg1 Rc2 32. Qh3 Qf2+ 33. Kh1 Qf3+ 34. Kg1 Qf2+ 35. Kh1 Qf3+ 36. Kg1 Qe3+ 37. Kh1 Qe4+ 38. Kg1 Qe3+ 39. Kh1 Qxe5 40. Qf1 Qe4+ 41. Kg1 Re2 42. a4 b4 43. a5 d4 44. Rd1 d3 45. Qf8+ Kh7 46. Qf4 Qg2# 0-1

[Event "Xtracon Open 2019"]
[Site "Helsingor"]
[Date "2019.07.24"]
[Round "6.18"]
[White "Matthiesen, Martin"]
[Black "Rostgaard, Tobias Valentin"]
[Result "0-1"]
[WhiteElo "2239"]
[BlackElo "2390"]
[Annotator "NA"]
[PlyCount "76"]
[EventDate "2019.07.19"]
[EventType "swiss"]
[EventCountry "DEN"]
[SourceTitle "playchess.com"]
[Source "ChessBase"]
[SourceQuality "1"]

1. d4 Nf6 2. c4 e6 3. Nf3 Bb4+ 4. Bd2 Qe7 5. g3 Nc6 6. e3 O-O 7. Bg2 a5 8. O-O Bxd2 9. Qxd2 d6 10. Nc3 Bd7 11. Rfd1 Rfd8 12. Ne1 a4 13. Rab1 Na5 14. b3 axb3 15. axb3 Be8 16. Nd3 c5 17. dxc5 dxc5 18. Qb2 Rac8 19. Ra1 b6 20. h3 Qc7 21. Rd2 Rd6 22. Rad1 Rcd8 23. e4 e5 24. Nd5 Nxd5 25. exd5 f6 26. f4 exf4 27. Nxf4 Bf7 28. Re1 Nc6 29. h4 Nd4 30. b4 g5 31. hxg5 fxg5 32. Nd3 Rh6 33. bxc5 bxc5 34. Re5 Rb8 35. Rxg5+ Rg6 36. Rxg6+ hxg6 37. Qa2 Qxg3 38. Kh1 Kg7 0-1

[Event "Xtracon Open 2019"]
[Site "Helsingor"]
[Date "2019.07.24"]
[Round "6.18"]
[White "Lilja, Richard"]
[Black "Slettebo, Jan"]
[Result "1-0"]
[WhiteElo "2126"]
[BlackElo "1888"]
[Annotator "NA"]
[PlyCount "105"]
[EventDate "2019.07.19"]
[EventType "swiss"]
[EventCountry "DEN"]
[SourceTitle "playchess.com"]
[Source "ChessBase"]
[SourceQuality "1"]

1. e4 e5 2. Nf3 Nc6 3. Bc4 Nf6 4. d3 Be7 5. O-O O-O 6. Re1 d6 7. c3 Na5 8. Bb5 Bd7 9. Bxd7 Qxd7 10. Nbd2 g6 11. Nf1 Nh5 12. h3 Nc6 13. Bh6 Rfe8 14. Qd2 Bf6 15. Ne3 Ne7 16. Ng4 Qe6 17. d4 Bh8 18. Ng5 Qc8 19. Qd1 c5 20. Qf3 f6 21. dxe5 dxe5 22. Qe2 c4 23. Nf3 Bg7 24. Bxg7 Kxg7 25. g3 Rd8 26. Rad1 Qc5 27. Kg2 b5 28. Rd2 a6 29. Red1 Qc7 30. Qe3 Rxd2 31. Qh6+ Kh8 32. Qxd2 Ra7 33. Ne3 Kg7 34. Ng1 Qc6 35. f3 Kf7 36. Ng4 Ng8 37. Ne2 Re7 38. Ne3 Ng7 39. Ng4 Ne6 40. Nc1 Nf8 41. Qd5+ Qxd5 42. Rxd5 Rd7 43. Ne3 Ne7 44. Rxd7 Nxd7 45. a4 Nc5 46. axb5 axb5 47. Kf2 Ke6 48. Ke2 f5 49. exf5+ Nxf5 50. Nxf5 Kxf5 51. Kd2 e4 52. f4 h5 53. Ne2 1-0

[Event "Xtracon Open 2019"]
[Site "Helsingor"]
[Date "2019.07.24"]
[Round "6.18"]
[White "Pallesen, Jacob"]
[Black "Nielsen, Andre"]
[Result "0-1"]
[WhiteElo "2041"]
[BlackElo "2229"]
[Annotator "NA"]
[PlyCount "96"]
[EventDate "2019.07.19"]
[EventType "swiss"]
[EventCountry "DEN"]
[SourceTitle "playchess.com"]
[Source "ChessBase"]
[SourceQuality "1"]

1. g3 e5 2. Bg2 Nf6 3. c4 Bc5 4. d3 O-O 5. Nc3 c6 6. Nf3 Re8 7. O-O Bb6 8. b4 d6 9. Bb2 Be6 10. Na4 Bc7 11. c5 Nbd7 12. cxd6 Bxd6 13. a3 Qe7 14. Nc3 Nd5 15. Ne4 Bc7 16. Nc5 Nxc5 17. bxc5 Qxc5 18. Rc1 Qb6 19. Bxe5 Bxe5 20. Nxe5 Ne3 21. Nc4 Bxc4 22. fxe3 Qxe3+ 23. Kh1 Be6 24. Rf4 Rad8 25. Re4 Qg5 26. Bf3 Bd5 27. Rxe8+ Rxe8 28. Bxd5 Qxd5+ 29. e4 Qa2 30. Ra1 Qf2 31. Rb1 b6 32. Rc1 c5 33. Qg4 g6 34. Qd7 Qf3+ 35. Kg1 Qe3+ 36. Kg2 Qd2+ 37. Kh3 Re5 38. Rf1 Rh5+ 39. Kg4 Qg5+ 40. Kf3 Rxh2 41. g4 Qf6+ 42. Kg3 Qh4+ 43. Kf4 Rf2+ 44. Rxf2 Qxf2+ 45. Ke5 Qg3+ 46. Kf6 Qf4+ 47. Ke7 Qe5+ 48. Kd8 Qd4 0-1

[Event "Xtracon Open 2019"]
[Site "Helsingor"]
[Date "2019.07.24"]
[Round "6.19"]
[White "Van den Bersselaar, Jeroen"]
[Black "Zude, Erik"]
[Result "0-1"]
[WhiteElo "2161"]
[BlackElo "2385"]
[Annotator "NA"]
[PlyCount "56"]
[EventDate "2019.07.19"]
[EventType "swiss"]
[EventCountry "DEN"]
[SourceTitle "playchess.com"]
[Source "ChessBase"]
[SourceQuality "1"]

1. d4 Nf6 2. Nf3 g6 3. Bg5 Bg7 4. Nbd2 d5 5. e3 c5 6. c3 Qb6 7. Qb3 c4 8. Qxb6 axb6 9. Be2 Nc6 10. O-O b5 11. a3 Nd7 12. e4 dxe4 13. Nxe4 Nb6 14. Rad1 Nd5 15. Rfe1 O-O 16. h3 f5 17. Ned2 h6 18. Bh4 g5 19. Bg3 f4 20. Bh2 Bf5 21. Bf1 Nb6 22. Ne4 Na4 23. Rd2 Na5 24. Ne5 Nb3 25. Rc2 Bxe5 26. dxe5 Rad8 27. g4 Bxe4 28. Rxe4 Rd1 0-1

[Event "Xtracon Open 2019"]
[Site "Helsingor"]
[Date "2019.07.24"]
[Round "6.20"]
[White "Sawatzki, Frank"]
[Black "Andersen, Morten"]
[Result "1/2-1/2"]
[WhiteElo "2385"]
[BlackElo "2212"]
[Annotator "NA"]
[PlyCount "51"]
[EventDate "2019.07.19"]
[EventType "swiss"]
[EventCountry "DEN"]
[SourceTitle "playchess.com"]
[Source "ChessBase"]
[SourceQuality "1"]

1. e4 c5 2. Nf3 Nc6 3. Nc3 e5 4. Bc4 Be7 5. d3 Nf6 6. Ng5 O-O 7. a3 Nd4 8. f4 exf4 9. Bxf4 d5 10. exd5 b5 11. Ba2 Bb7 12. O-O Nxd5 13. Qh5 Bxg5 14. Bxg5 Qd7 15. Bxd5 Bxd5 16. Bf6 Bb7 17. Qg5 Ne6 18. Qg4 h5 19. Qg3 Rac8 20. Rf5 Qc7 21. Be5 Qd7 22. Raf1 f6 23. Rxf6 Rxf6 24. Rxf6 Re8 25. Rg6 Re7 26. Rh6 1/2-1/2

[Event "Xtracon Open 2019"]
[Site "Helsingor"]
[Date "2019.07.24"]
[Round "6.21"]
[White "Jacobsen, Mikkel Manosri"]
[Black "Colbow, Collin"]
[Result "0-1"]
[WhiteElo "2343"]
[BlackElo "2167"]
[Annotator "NA"]
[PlyCount "62"]
[EventDate "2019.07.19"]
[EventType "swiss"]
[EventCountry "DEN"]
[SourceTitle "playchess.com"]
[Source "ChessBase"]
[SourceQuality "1"]

1. Nf3 c5 2. e3 Nf6 3. b3 e6 4. Bb2 b6 5. d4 Bb7 6. Bd3 g6 7. Nbd2 Bg7 8. O-O O-O 9. dxc5 bxc5 10. e4 d5 11. exd5 exd5 12. Re1 Nc6 13. Bf1 Qc7 14. Qe2 Nb4 15. Rec1 Rfe8 16. Qd1 Re7 17. a3 Nc6 18. c4 d4 19. b4 cxb4 20. axb4 Nxb4 21. Nxd4 Rd7 22. h3 Rad8 23. Rxa7 Rxd4 24. Bxd4 Rxd4 25. Qb3 Rxd2 26. Qxb4 Ng4 27. hxg4 Qf4 28. Qe7 Qxf2+ 29. Kh2 Qf4+ 30. Kh3 Bxg2+ 31. Bxg2 Rd3+ 0-1

[Event "Xtracon Open 2019"]
[Site "Helsingor"]
[Date "2019.07.24"]
[Round "6.22"]
[White "Weber, Samuel"]
[Black "Gong, Patrick"]
[Result "1-0"]
[WhiteElo "2203"]
[BlackElo "2336"]
[Annotator "NA"]
[PlyCount "75"]
[EventDate "2019.07.19"]
[EventType "swiss"]
[EventCountry "DEN"]
[SourceTitle "playchess.com"]
[Source "ChessBase"]
[SourceQuality "1"]

1. g3 g6 2. Bg2 Bg7 3. Nf3 c5 4. e4 Nc6 5. O-O e6 6. d3 Nge7 7. Nbd2 O-O 8. c3 d5 9. Re1 Re8 10. e5 Qc7 11. Qe2 b5 12. Nb3 c4 13. Nbd4 Rb8 14. Nxc6 Nxc6 15. d4 b4 16. h4 a5 17. h5 a4 18. a3 bxc3 19. bxc3 Qe7 20. Nh2 Rb3 21. Qc2 Na7 22. Ng4 Nb5 23. Bd2 Bd7 24. Qc1 Qf8 25. Nf6+ Bxf6 26. exf6 Rxa3 27. Rb1 Rb3 28. Ra1 Ra8 29. Bh6 Qd8 30. Qf4 Qb8 31. Re5 Nd6 32. hxg6 fxg6 33. Rxd5 Nf7 34. Rxd7 Ra5 35. Bh3 Rb1+ 36. Rxb1 Qxb1+ 37. Kg2 Rh5 38. Rxf7 1-0

[Event "Xtracon Open 2019"]
[Site "Helsingor"]
[Date "2019.07.24"]
[Round "6.23"]
[White "Fossan, Aleksander"]
[Black "Storme, Isak"]
[Result "1/2-1/2"]
[WhiteElo "2155"]
[BlackElo "2330"]
[Annotator "NA"]
[PlyCount "99"]
[EventDate "2019.07.19"]
[EventType "swiss"]
[EventCountry "DEN"]
[SourceTitle "playchess.com"]
[Source "ChessBase"]
[SourceQuality "1"]

1. e4 e5 2. Nf3 Nc6 3. Nc3 Nf6 4. Bb5 d6 5. d4 exd4 6. Nxd4 Bd7 7. O-O Nxd4 8. Bxd7+ Qxd7 9. Qxd4 Be7 10. h3 O-O 11. Bf4 Rfe8 12. Rad1 Qe6 13. Rfe1 Nd7 14. Qd5 Bf6 15. Qxb7 Bxc3 16. bxc3 Qc4 17. Bxd6 cxd6 18. Qxd7 Qxa2 19. Ra1 Qxc2 20. Rxa7 Qxc3 21. Qxf7+ Kh8 22. Rd1 Rec8 23. Rxa8 Rxa8 24. Qd5 Re8 25. Qxd6 h6 26. Qd4 Qa5 27. Qe3 Qe5 28. Re1 Rf8 29. g3 Ra8 30. f4 Qh5 31. g4 Qb5 32. Kf2 Ra2+ 33. Re2 Ra1 34. e5 Rh1 35. Kg3 Rb1 36. Rc2 Qd5 37. Qd2 Rb3+ 38. Kh4 Qf3 39. Qg2 Qe3 40. Rc7 Kh7 41. Rd7 Qe1+ 42. Kh5 Qe2 43. Qh1 Qe3 44. g5 hxg5 45. Qg2 Rb2 46. Qxb2 Qf3+ 47. Kxg5 Qg3+ 48. Kh5 Qf3+ 49. Kg5 Qg3+ 50. Kh5 1/2-1/2

[Event "Xtracon Open 2019"]
[Site "Helsingor"]
[Date "2019.07.24"]
[Round "6.24"]
[White "Nasshan, Dennis"]
[Black "Christensen, Lasse"]
[Result "1/2-1/2"]
[WhiteElo "2314"]
[BlackElo "2158"]
[Annotator "NA"]
[PlyCount "125"]
[EventDate "2019.07.19"]
[EventType "swiss"]
[EventCountry "DEN"]
[SourceTitle "playchess.com"]
[Source "ChessBase"]
[SourceQuality "1"]

1. d4 f5 2. c4 Nf6 3. Nf3 e6 4. g3 d5 5. Bg2 c6 6. O-O Bd6 7. Qc2 O-O 8. Nc3 b6 9. b3 Ne4 10. Bf4 Bxf4 11. gxf4 Bb7 12. Ne5 Qe8 13. e3 Nd7 14. Nxd7 Qxd7 15. Na4 Qe7 16. c5 b5 17. Nb2 a5 18. Nd3 Nf6 19. a3 Nd7 20. Kh1 Kh8 21. Rg1 Rg8 22. Bf3 g6 23. Rg3 Rg7 24. Rag1 Kg8 25. Kg2 Kf7 26. Kf1 Rag8 27. Qd2 Qd8 28. Ke1 Qa8 29. h4 Kf8 30. Kd1 h5 31. Kc2 Qd8 32. Rg5 Bc8 33. Qe1 Bb7 34. Qf1 Bc8 35. Qg2 Qf6 36. Nc1 Nb8 37. Qf1 Qe7 38. Nd3 Nd7 39. R1g2 Qf6 40. Qg1 Bb7 41. Nc1 Nb8 42. Be2 Bc8 43. Nd3 Nd7 44. Qf1 Qe7 45. Rg1 Bb7 46. Kb1 Qd8 47. R1g2 Bc8 48. Qg1 Qf6 49. Nc1 Bb7 50. Bd1 Bc8 51. Ka2 Bb7 52. Ne2 Nb8 53. Ng3 Bc8 54. Bxh5 gxh5 55. Nxh5 Rxg5 56. fxg5 Qd8 57. Nf6 Rh8 58. g6 Kg7 59. Qh2 Qxf6 60. Qxb8 Bd7 61. Qc7 Qd8 62. Qe5+ Kg8 63. Qd6 1/2-1/2

[Event "Xtracon Open 2019"]
[Site "Helsingor"]
[Date "2019.07.25"]
[Round "7.1"]
[White "Sargissian, Gabriel"]
[Black "Kryakvin, Dmitry"]
[Result "1/2-1/2"]
[WhiteElo "2681"]
[BlackElo "2586"]
[Annotator "TA"]
[PlyCount "63"]
[EventDate "2019.07.19"]
[EventType "swiss"]
[EventCountry "DEN"]
[SourceTitle "playchess.com"]
[Source "ChessBase"]
[SourceQuality "1"]

1. d4 d5 2. c4 c6 3. Nf3 Nf6 4. Nc3 dxc4 5. a4 Bf5 6. e3 e6 7. Bxc4 Bb4 8. O-O O-O 9. Qe2 Bg4 10. h3 Bxf3 11. Qxf3 Nbd7 12. Rd1 Rc8 13. Na2 Bd6 14. Bd2 e5 15. a5 a6 16. Bb4 Bxb4 17. Nxb4 Qe7 18. Na2 Rfd8 19. Nc3 exd4 20. exd4 Qd6 21. g4 h6 22. h4 Nf8 23. Ne4 Qe7 24. Nxf6+ Qxf6 25. Qxf6 gxf6 26. d5 Ng6 27. dxc6 Rxd1+ 28. Rxd1 Rxc6 29. Bd5 Rc5 30. Bxb7 Rxa5 31. Rd6 Rb5 32. Bxa6 1/2-1/2

[Event "Xtracon Open 2019"]
[Site "Helsingor"]
[Date "2019.07.25"]
[Round "7.1"]
[White "Rasmussen, Allan Stig"]
[Black "Percivaldi, Martin"]
[Result "1-0"]
[WhiteElo "2569"]
[BlackElo "2379"]
[Annotator "ChessBase"]
[PlyCount "97"]
[EventDate "2019.07.19"]
[EventType "swiss"]
[EventCountry "DEN"]
[SourceTitle "playchess.com"]
[Source "ChessBase"]
[SourceQuality "1"]

1. c4 e6 2. Nf3 d5 3. d4 Nf6 4. g3 Bb4+ 5. Bd2 Bd6 6. Bg2 O-O 7. O-O c6 8. Nc3 Nbd7 9. b3 b6 10. e4 Nxe4 11. Nxe4 dxe4 12. Ng5 Nf6 13. Nxe4 Nxe4 14. Bxe4 Bb7 15. Qc2 f5 16. Bg2 e5 17. dxe5 Bxe5 18. Rae1 Qc7 19. Re2 Bd6 20. Rd1 Rf7 21. Qd3 Raf8 22. Re6 Be7 23. Bf4 Qc8 24. Qe2 Bc5 25. Re1 Rf6 26. Rxf6 Rxf6 27. h4 Rf7 28. Bf3 Bf8 29. Qe8 Qxe8 30. Rxe8 Rd7 31. Rb8 Kf7 32. g4 Bc5 33. gxf5 Kf6 34. Bg4 h6 35. Re8 Be7 36. Bc1 c5 37. Bb2+ Rd4 38. b4 Be4 39. bxc5 bxc5 40. Bxd4+ cxd4 41. c5 Bd5 42. Rc8 Ke5 43. c6 h5 44. c7 Kd6 45. Rd8+ Kxc7 46. Rxd5 hxg4 47. Rxd4 Bxh4 48. Rxg4 Bf6 49. Rc4+ 1-0

[Event "Xtracon Open 2019"]
[Site "Helsingor"]
[Date "2019.07.25"]
[Round "7.1"]
[White "Welling, Gerard"]
[Black "Fossan, Aleksander"]
[Result "1-0"]
[WhiteElo "2310"]
[BlackElo "2155"]
[Annotator "NA"]
[PlyCount "103"]
[EventDate "2019.07.19"]
[EventType "swiss"]
[EventCountry "DEN"]
[SourceTitle "playchess.com"]
[Source "ChessBase"]
[SourceQuality "1"]

1. c4 c5 2. b3 Nc6 3. Bb2 e5 4. g3 g6 5. Bg2 Bg7 6. Nc3 Nge7 7. e3 O-O 8. Nge2 d6 9. O-O Rb8 10. d3 Be6 11. Nd5 b5 12. Nec3 a6 13. f4 f5 14. Nxe7+ Nxe7 15. Nd5 Bf7 16. Qd2 Nxd5 17. cxd5 Re8 18. e4 Bh6 19. Qf2 exf4 20. gxf4 Bg7 21. Rae1 Rc8 22. Kh1 Bxb2 23. Qxb2 c4 24. bxc4 bxc4 25. Qd4 fxe4 26. dxe4 Qh4 27. Re3 Rf8 28. Rh3 Qg4 29. Rg3 Qh4 30. Bh3 Rc5 31. f5 Bxd5 32. Bg4 c3 33. exd5 c2 34. Rc1 Rxf5 35. Qe4 Qh6 36. Rgg1 Rf2 37. Qe6+ Kh8 38. Qxd6 Rxd5 39. Qb8+ Kg7 40. Qc7+ Kh8 41. Rxc2 Rxc2 42. Qxc2 Qf4 43. Qc8+ Kg7 44. Qb7+ Qf7 45. Qxa6 Rd2 46. Rf1 Qd5+ 47. Bf3 Qxa2 48. Qb7+ Kh6 49. Qb8 Kg7 50. Qe5+ Kh6 51. Qf4+ Kg7 52. Be4 1-0

[Event "Xtracon Open 2019"]
[Site "Helsingor"]
[Date "2019.07.25"]
[Round "7.1"]
[White "Valkama, Eero"]
[Black "Kleimark, Anders"]
[Result "1-0"]
[WhiteElo "2286"]
[BlackElo "2032"]
[Annotator "NA"]
[PlyCount "105"]
[EventDate "2019.07.19"]
[EventType "swiss"]
[EventCountry "DEN"]
[SourceTitle "playchess.com"]
[Source "ChessBase"]
[SourceQuality "1"]

1. e4 e5 2. Nf3 Nc6 3. Bc4 Nf6 4. d3 Be7 5. O-O O-O 6. Re1 d6 7. a4 Kh8 8. h3 h6 9. Nc3 Na5 10. Ba2 c5 11. Nh2 Nh7 12. Nd5 f5 13. exf5 Bxf5 14. Nxe7 Qxe7 15. f4 Nc6 16. Nf3 Qf6 17. fxe5 dxe5 18. Bd5 Bd7 19. Be4 Rae8 20. Be3 b6 21. Rf1 Qe7 22. c3 Rd8 23. Qe1 g5 24. Qg3 Rde8 25. Rae1 Qg7 26. Bc1 Na5 27. Bxh7 Kxh7 28. Nxe5 Rxf1+ 29. Kxf1 Bxa4 30. d4 cxd4 31. Qd3+ Kg8 32. cxd4 Bb3 33. Kg1 Bd5 34. Bd2 Nb7 35. Qb5 Rd8 36. Bc3 Kh8 37. Ra1 Qf6 38. Rf1 Qd6 39. Qd3 Kg7 40. Ng4 Rf8 41. Rxf8 Qxf8 42. Ne3 Qf7 43. Qb5 Ba2 44. Qe5+ Kg6 45. Qe4+ Kg7 46. Nf5+ Kf8 47. Bb4+ Nc5 48. dxc5 Qf6 49. cxb6+ Kf7 50. Nd6+ Kg8 51. b7 Qd8 52. Qg6+ Kh8 53. Bc3+ 1-0